000 00597nam a2200181Ia 4500
008 151202s9999||||xx |||||||||||||| ||und||
082 _bPNVM-38041
100 _aजहागीरदार गजानन.
245 _aपाऊलखुणा.
260 _b"मॅजेस्टिक प्रक ाशन ,मुंबई."
260 _c1986
300 _a138
600 _aजहागीरदार गजानन.
630 _aपाऊलखुणा.
700 _aजहागीरदार गजानन.
730 _aपाऊलखुणा.
942 _cBOOK
999 _c1303993
_d1303990